Statistics for Name a Brad Pitt Movie by Co-stars

Click here to take the quiz!

General Stats

  • This quiz has been taken 408 times
    (93 since last reset)
  • The average score is 9 of 20

Answer Stats

Co-StarsFilms% Correct
George ClooneyBurn After Reading / Ocean’s Eleven / Ocean's Twelve / Ocean's Thirteen
88%
Edward NortonFight Club
85%
Angelina JolieMr. and Mrs. Smith / By The Sea
84%
Morgan FreemanSe7en
67%
Christoph WaltzInglourious Basterds
65%
Leonardo DiCaprioOnce Upon a Time in… Hollywood
64%
Cate BlanchettBabel / The Curious Case of Benjamin Button
53%
Anthony HopkinsLegends of the Fall / Meet Joe Black
51%
Susan SarandonThelma & Louise
50%
Ryan ReynoldsDeadpool 2 / Bullet Train
45%
Tom CruiseInterview with the Vampire
43%
Chiwetel Ejiofor12 Years a Slave
41%
Bruce Willis12 Monkeys / Ocean’s Twelve
32%
Frances McDormandBurn After Reading
31%
Christian BaleThe Big Short
28%
Jason StathamSnatch
27%
Harrison FordThe Devil’s Own
19%
Tommy Lee JonesAd Astra
16%
Robert De NiroSleepers
13%
Sean PennThe Tree of Life
13%

Score Distribution

Percentile by Number Answered

Percent of People with Each Score

Your Score History

You have not taken this quiz since the last reset